| 000 | 01216nam a2200205 a 4500 | ||
|---|---|---|---|
| 001 | SSB059943 | ||
| 003 | PILC | ||
| 005 | 20160321133057.0 | ||
| 008 | |||
| 020 | _a9789719905202 | ||
| 050 |
_aG 155.A1 _b.L628 2011 |
||
| 100 | _aLim, Romeo D. | ||
| 245 | 0 |
_aUnderstanding travel & tours essentials / _cRomeo D. Lim. |
|
| 260 |
_aManila : _bMindshapers, _c2011. |
||
| 300 |
_aix, 277 pages ; _c25 cm. |
||
| 500 | _aIncludes glossary, appendices and bibliographical references. | ||
| 505 |
_tCustomer service -- _tBusiness activities that generate income -- _tTypes of tours and tour components -- _tHotels -- _tThe car rental industry -- _tTour booking conditions and limitations of liability -- _tTour brochures and price quotations -- _tThe airport and the flight -- _tTravel documents -- _tAir transport essentials -- _tBilling and settlement plan -- _tBaggage rules and regulations -- _tHealth -- _tLocal and world currencies -- _tInternational air transportation regulations -- _tModes of transport in different part of the world -- _tTaxes, Philippine travel and immigration guides, list of foreign embassies in the Philippines. |
||
| 650 | _aTourist trade. | ||
| 942 |
_2lcc _cBK _kFIL |
||
| 999 |
_c276930 _d276930 |
||